Устройство формирования ступенчато-падающего тока заряда емкостного накопителя энергии; Приборы и техника эксперимента; № 2
| Parent link: | Приборы и техника эксперимента: научный журнал.— , 1956- № 2.— 2016.— [С. 91-95] |
|---|---|
| Հիմնական հեղինակ: | |
| Համատեղ հեղինակ: | |
| Այլ հեղինակներ: | |
| Ամփոփում: | Заглавие с экрана Описана схема источника питания для заряда емкостного накопителя на основе формирования ступенчато-падающего тока путем переключения идентичных выпрямительных модулей с параллельного соединения в последовательное по мере заряда накопителя. Представлены сравнительные результаты моделирования и экспериментальные данные для системы с четырьмя выходными каналами в зависимости от алгоритма управления формирующими одно-, двух- или трехступенчатый ток емкостного накопителя. Показано сокращение времени зарядного цикла при сохранении уровня тока в большинстве элементов схемы. Режим доступа: по договору с организацией-держателем ресурса |
| Լեզու: | ռուսերեն |
| Հրապարակվել է: |
2016
|
| Խորագրեր: | |
| Առցանց հասանելիություն: | http://elibrary.ru/item.asp?id=25771276 |
| Ձևաչափ: | Էլեկտրոնային Գրքի գլուխ |
| KOHA link: | https://koha.lib.tpu.ru/cgi-bin/koha/opac-detail.pl?biblionumber=647836 |
MARC
| LEADER | 00000naa0a2200000 4500 | ||
|---|---|---|---|
| 001 | 647836 | ||
| 005 | 20250217135602.0 | ||
| 035 | |a (RuTPU)RU\TPU\network\12993 | ||
| 090 | |a 647836 | ||
| 100 | |a 20160426d2016 k||y0rusy50 ca | ||
| 101 | 0 | |a rus | |
| 102 | |a RU | ||
| 135 | |a drcn ---uucaa | ||
| 181 | 0 | |a i | |
| 182 | 0 | |a b | |
| 200 | 1 | |a Устройство формирования ступенчато-падающего тока заряда емкостного накопителя энергии |f Е. Ю. Буркин, О. А. Кожемяк | |
| 203 | |a Текст |c электронный | ||
| 300 | |a Заглавие с экрана | ||
| 320 | |a [Библиогр.: 5 назв.] | ||
| 330 | |a Описана схема источника питания для заряда емкостного накопителя на основе формирования ступенчато-падающего тока путем переключения идентичных выпрямительных модулей с параллельного соединения в последовательное по мере заряда накопителя. Представлены сравнительные результаты моделирования и экспериментальные данные для системы с четырьмя выходными каналами в зависимости от алгоритма управления формирующими одно-, двух- или трехступенчатый ток емкостного накопителя. Показано сокращение времени зарядного цикла при сохранении уровня тока в большинстве элементов схемы. | ||
| 333 | |a Режим доступа: по договору с организацией-держателем ресурса | ||
| 461 | |t Приборы и техника эксперимента |o научный журнал |d 1956- | ||
| 463 | |t № 2 |v [С. 91-95] |d 2016 | ||
| 610 | 1 | |a электронный ресурс | |
| 610 | 1 | |a труды учёных ТПУ | |
| 610 | 1 | |a накопители энергии | |
| 610 | 1 | |a ток | |
| 700 | 1 | |a Буркин |b Е. Ю. |c специалист в области электроники |c доцент Томского политехнического университета, кандидат технических наук |f 1971- |g Евгений Юрьевич |3 (RuTPU)RU\TPU\pers\30336 |9 14681 | |
| 701 | 1 | |a Кожемяк |b О. А. |c специалист в области электроники |c старший преподаватель Томского политехнического университета |f 1981- |g Олеся Анатольевна |3 (RuTPU)RU\TPU\pers\26477 |9 12179 | |
| 712 | 0 | 2 | |a Национальный исследовательский Томский политехнический университет |b Институт неразрушающего контроля |b Кафедра промышленной и медицинской электроники |3 (RuTPU)RU\TPU\col\18719 |9 27169 |
| 801 | 2 | |a RU |b 63413507 |c 20160426 |g RCR | |
| 856 | 4 | |u http://elibrary.ru/item.asp?id=25771276 | |
| 942 | |c CF | ||